[Event "26. Off. Wuerttembergische Seniorenmst."]
[Site "Freudenstadt"]
[Date "2014.07.17"]
[Round "2.19"]
[White "Abegg, Beat"]
[Black "Fitzke, Ulrich"]
[Result "1/2-1/2"]
[WhiteElo "1910"]
[BlackElo "1648"]
[PlyCount "93"]
[EventDate "2014.??.??"]
[BlackTeam "SV Bau-Union e.V."]

1. d4 d5 2. c4 e6 3. Nf3 Nf6 4. g3 b6 5. Bg2 Bb7 6. O-O Be7 7. b3 O-O 8. Bb2
Nbd7 9. Nc3 c5 10. cxd5 Nxd5 11. Nxd5 Bxd5 12. Re1 Nf6 13. Ne5 Bxg2 14. Kxg2
Qd5+ 15. f3 Rfd8 16. dxc5 Qxc5 17. Nd3 Qb5 18. a4 Qa6 19. Qd2 Nd5 20. e4 Nb4
21. Qc3 Bf6 22. Qxb4 Qxd3 23. Bxf6 gxf6 24. Rac1 Rac8 25. Rxc8 Rxc8 26. Rf1 Rc3
27. Qe7 a5 28. Qxf6 Rxb3 29. Qg5+ Kf8 30. Qh6+ Ke8 31. Qf6 Rb4 32. Qh8+ Ke7 33.
Qe5 Qc2+ 34. Rf2 Qxa4 35. Qc7+ Qd7 36. Qf4 Qd4 37. Rd2 Rb2 38. Qg5+ Kd7 39.
Rxb2 Qxb2+ 40. Kh3 a4 41. Qf4 Ke7 42. Qc7+ Kf6 43. Qf4+ Kg7 44. Qg5+ Kh8 45.
Qd8+ Kg7 46. Qg5+ Kf8 47. Qd8+ 1/2-1/2

[Event "26. Off. Wuerttembergische Seniorenmst."]
[Site "Freudenstadt"]
[Date "2014.07.17"]
[Round "2.20"]
[White "Flockerzi, Armin"]
[Black "Schwertel, Johann"]
[Result "0-1"]
[WhiteElo "1567"]
[BlackElo "1898"]
[PlyCount "84"]
[EventDate "2014.??.??"]
[WhiteTeam "VfR-SC Koblenz"]
[BlackTeam "SV Koblenz 03/25"]

1. Nf3 d5 2. d4 Nf6 3. g3 Bf5 4. Nbd2 c6 5. Bg2 Nbd7 6. O-O Qc7 7. c3 e5 8.
dxe5 Nxe5 9. Nxe5 Qxe5 10. Nf3 Qc7 11. Nd4 Bd7 12. Bf4 Bd6 13. Bxd6 Qxd6 14.
Re1 O-O 15. Qc2 Rfe8 16. e3 Rad8 17. Re2 Bg4 18. f3 Bh5 19. Rae1 c5 20. Nb3 Qb6
21. Qd2 a5 22. g4 Bg6 23. h4 c4 24. Nd4 Qc7 25. h5 Bd3 26. Rf2 Qg3 27. Ne2 Bxe2
28. Rexe2 Re5 29. Kf1 Rde8 30. Qd4 g6 31. hxg6 hxg6 32. b4 Kh7 33. Qb6 Qh4 34.
Qxb7 Rxe3 35. Rxe3 Rxe3 36. Qb6 Re6 37. Qd8 Kg7 38. Re2 Rxe2 39. Kxe2 Qh2 40.
Kf1 Qf4 41. Qxa5 Nxg4 42. Qxd5 Ne3+ 0-1

[Event "26. Off. Wuerttembergische Seniorenmst."]
[Site "Freudenstadt"]
[Date "2014.07.17"]
[Round "2.21"]
[White "Heinzel, Peter"]
[Black "Woelbl, Josef"]
[Result "1/2-1/2"]
[WhiteElo "1887"]
[BlackElo "1623"]
[PlyCount "81"]
[EventDate "2014.??.??"]
[WhiteTeam "SC Mülheim 08/25 e.V."]
[BlackTeam "SV Rottweil"]

1. b4 e6 2. Bb2 Nf6 3. a3 Be7 4. c4 O-O 5. e3 d5 6. Nf3 b6 7. d4 Bb7 8. Nbd2
Nbd7 9. c5 c6 10. Bd3 h6 11. O-O a5 12. Qc2 Ba6 13. Rfc1 Bxd3 14. Qxd3 bxc5 15.
bxc5 Qc7 16. h3 Rfb8 17. Bc3 a4 18. Rab1 Rxb1 19. Rxb1 Rb8 20. Rxb8+ Qxb8 21.
Qa6 Qb5 22. Qxb5 cxb5 23. Bb4 Nb8 24. Ne1 Nc6 25. Nc2 Bd8 26. Nb1 Ne8 27. Kf1
f6 28. Ke2 Kf7 29. Kd3 f5 30. f3 g6 31. Be1 Ke7 32. Nc3 Na7 33. e4 dxe4+ 34.
fxe4 Kd7 35. Bf2 Ba5 36. exf5 gxf5 37. Bg3 Kc6 38. Na2 Nf6 39. Nab4+ Bxb4 40.
Nxb4+ Kb7 41. Bf4 1/2-1/2

[Event "26. Off. Wuerttembergische Seniorenmst."]
[Site "Freudenstadt"]
[Date "2014.07.17"]
[Round "2.22"]
[White "Grasmeyer, Klaus-Peter"]
[Black "Schmidt, Heinrich"]
[Result "1/2-1/2"]
[WhiteElo "1623"]
[BlackElo "1854"]
[PlyCount "67"]
[EventDate "2014.??.??"]
[WhiteTeam "SC Villingen"]
[BlackTeam "SV Nagold"]

1. d4 Nf6 2. c4 g6 3. Nc3 Bg7 4. Nf3 O-O 5. e3 d6 6. Be2 c5 7. dxc5 dxc5 8. O-O
Nc6 9. Qxd8 Rxd8 10. Rd1 Bf5 11. Nh4 Bc2 12. Rd2 Rxd2 13. Bxd2 Rd8 14. Be1 Bd3
15. Bxd3 Rxd3 16. Rc1 Ne5 17. b3 e6 18. Nf3 Nxf3+ 19. gxf3 Nd7 20. Kf1 Nf6 21.
Ke2 Rd7 22. Ne4 Nxe4 23. fxe4 f5 24. exf5 exf5 25. Bc3 Bxc3 26. Rxc3 Kf7 27.
Rc2 Kf6 28. f4 g5 29. fxg5+ Kxg5 30. Kf3 Rd1 31. Rg2+ Kf6 32. Ke2 Ra1 33. Kd3
Rd1+ 34. Ke2 1/2-1/2

[Event "26. Off. Wuerttembergische Seniorenmst."]
[Site "Freudenstadt"]
[Date "2014.07.17"]
[Round "2.23"]
[White "Reimann, Guenther"]
[Black "Blosze, Winfried"]
[Result "1/2-1/2"]
[WhiteElo "1751"]
[BlackElo "1611"]
[PlyCount "55"]
[EventDate "2014.??.??"]
[WhiteTeam "SC Magstadt"]
[BlackTeam "SV Königsspringer 1929 Großauhei"]

1. c4 Nf6 2. Nf3 d5 3. cxd5 Nxd5 4. g3 g6 5. Bg2 Bg7 6. O-O O-O 7. Nc3 Nxc3 8.
bxc3 c5 9. Rb1 Qa5 10. Qc2 Nc6 11. Re1 Rb8 12. a3 Bd7 13. Bb2 b5 14. d3 Rfc8
15. Nd2 Ne5 16. f4 Ng4 17. e3 Be6 18. h3 Nf6 19. e4 b4 20. c4 Qb6 21. Qd1 a5
22. Kh2 Rd8 23. Re3 Ne8 24. Bxg7 Kxg7 25. Rf3 Bd7 26. Qc2 Nc7 27. Qb2+ Kg8 28.
f5 1/2-1/2

[Event "26. Off. Wuerttembergische Seniorenmst."]
[Site "Freudenstadt"]
[Date "2014.07.17"]
[Round "2.24"]
[White "Pfitzer, Martin"]
[Black "Buss, Richard"]
[Result "1-0"]
[WhiteElo "1779"]
[BlackElo "1390"]
[PlyCount "75"]
[EventDate "2014.??.??"]
[WhiteTeam "SV Aalen-Ellwangen e.V."]
[BlackTeam "VfR Heisfelde e.V."]

1. e4 c5 2. Nf3 Nc6 3. d4 cxd4 4. Nxd4 Nxd4 5. Qxd4 b6 6. Nc3 e6 7. Be3 f6 8.
O-O-O Bc5 9. Qd2 Bxe3 10. Qxe3 a6 11. Be2 Ne7 12. Rd6 b5 13. Rdd1 Qc7 14. Bf3
Ra7 15. h4 O-O 16. Kb1 Ng6 17. Be2 Ne5 18. f4 Nc4 19. Bxc4 Qxc4 20. g4 Qc7 21.
g5 fxg5 22. fxg5 Qd8 23. h5 h6 24. gxh6 Qe7 25. e5 g6 26. Ne4 Rf5 27. Nf6+ Kh8
28. a3 Qf7 29. Ka2 a5 30. Nxd7 Bxd7 31. Rxd7 Qf8 32. Qb6 Qg8 33. Rf7 Qc8 34.
Rc7 Qe8 35. Rd7 Qf8 36. Rh7+ Kg8 37. Rb7 Qe8 38. Rb8 1-0

[Event "26. Off. Wuerttembergische Seniorenmst."]
[Site "Freudenstadt"]
[Date "2014.07.18"]
[Round "3.3"]
[White "Lang, Ferdinand"]
[Black "Hoeschele, Hans-Ulrich"]
[Result "0-1"]
[WhiteElo "2051"]
[BlackElo "1948"]
[PlyCount "118"]
[EventDate "2014.??.??"]
[WhiteTeam "TSV Willsbach"]
[BlackTeam "Stuttgarter SF 1879"]

1. e4 e5 2. Nf3 Nc6 3. Bb5 a6 4. Ba4 Nf6 5. O-O b5 6. Bb3 Be7 7. Re1 O-O 8. a4
Bb7 9. c3 d6 10. d4 Qc8 11. Nbd2 Qg4 12. Bc2 exd4 13. Nxd4 Qxd1 14. Bxd1 Nxd4
15. cxd4 Rfe8 16. f3 Nd7 17. Be2 bxa4 18. Rxa4 Nb6 19. Ra2 Bf6 20. Nb3 a5 21.
Be3 a4 22. Nd2 d5 23. e5 Be7 24. Rea1 Ba6 25. Bxa6 Rxa6 26. Rc1 Rc8 27. Rc6
Raa8 28. Ra1 Bb4 29. Kf2 Bxd2 30. Bxd2 Nc4 31. Bc3 Kf8 32. Ke2 Ke7 33. f4 Kd7
34. Rc5 c6 35. g4 Rab8 36. Ra2 Rb3 37. Kd3 a3 38. Rxc4 dxc4+ 39. Kxc4 axb2 40.
Rxb2 Rxb2 41. Bxb2 h5 42. h3 Rh8 43. f5 hxg4 44. hxg4 Rh4 45. g5 Rf4 46. f6 g6
47. Bc1 Rf2 48. Be3 Rc2+ 49. Kd3 Ra2 50. Kc4 Ke6 51. Kc5 Rc2+ 52. Kb6 Kd7 53.
Bf4 Rc3 54. Bh2 Rd3 55. Kc5 Rc3+ 56. Kb6 Ke6 57. Kc7 c5 58. d5+ Kxd5 59. Kd7
Ra3 0-1

[Event "26. Off. Wuerttembergische Seniorenmst."]
[Site "Freudenstadt"]
[Date "2014.07.18"]
[Round "3.4"]
[White "Weisenburger, Horst"]
[Black "Reinhold, Klaus"]
[Result "1-0"]
[WhiteElo "2028"]
[BlackElo "1938"]
[PlyCount "60"]
[EventDate "2014.??.??"]
[WhiteTeam "SC BÃ¶blingen 1975 e.V."]
[BlackTeam "SC Gronau 1920 e.V."]

1. e4 e5 2. d4 exd4 3. Nf3 Qe7 4. Bd3 Nc6 5. c3 Nf6 6. O-O d6 7. Qb3 Ne5 8.
Nxe5 dxe5 9. f4 Nd7 10. fxe5 Nc5 11. Qc2 dxc3 12. Nxc3 Qxe5 13. Bb5+ c6 14. Bf4
Qd4+ 15. Kh1 Ne6 16. Rad1 Qc5 17. Rd5 Qe7 18. Bd6 Qh4 19. Bg3 Qh6 20. Rdf5 Nd4
21. Re5+ Be6 22. Qa4 Rd8 23. Bf4 Qf6 24. Nd5 Rxd5 25. exd5 Nxb5 26. dxe6 Bd6
27. exf7+ Kd7 28. Qd1 Rf8 29. Qg4+ Kc7 30. Re8 Qd4 1-0

[Event "26. Off. Wuerttembergische Seniorenmst."]
[Site "Freudenstadt"]
[Date "2014.07.18"]
[Round "3.5"]
[White "Haselhorst, Helmut"]
[Black "Just, Joachim"]
[Result "1/2-1/2"]
[WhiteElo "2023"]
[BlackElo "1878"]
[PlyCount "44"]
[EventDate "2014.??.??"]
[WhiteTeam "SC Steinfurt 1996 e.V."]
[BlackTeam "SV Motor Zeitz"]

1. Nf3 d5 2. g3 c6 3. Bg2 Nf6 4. O-O g6 5. b3 Bg7 6. Bb2 O-O 7. d3 a5 8. a3 Na6
9. Nbd2 Re8 10. c4 dxc4 11. bxc4 Nc5 12. Qc2 Bf5 13. Rfd1 Qc8 14. Rab1 a4 15.
Bc3 Ncd7 16. Rb4 e5 17. Ng5 Nc5 18. Qb2 Nfd7 19. Qc1 Bf8 20. Rb1 Bg7 21. Nge4
Bxe4 22. Bxe4 f5 1/2-1/2

[Event "26. Off. Wuerttembergische Seniorenmst."]
[Site "Freudenstadt"]
[Date "2014.07.18"]
[Round "3.6"]
[White "Gollasch, Theo-Heinz"]
[Black "Fassmann, Kurt"]
[Result "1-0"]
[WhiteElo "1996"]
[BlackElo "1810"]
[PlyCount "107"]
[EventDate "2014.??.??"]
[WhiteTeam "Hamburger SK von 1830 eV"]
[BlackTeam "TuS Mehlmeisel"]

1. Nf3 d5 2. g3 Nf6 3. Bg2 c6 4. d4 Bf5 5. O-O h6 6. c4 e6 7. b3 Nbd7 8. Nbd2
Be7 9. Bb2 O-O 10. Ne5 Nxe5 11. dxe5 Nd7 12. e4 dxe4 13. Nxe4 Bxe4 14. Bxe4 Nc5
15. Qe2 Nxe4 16. Qxe4 Qc7 17. Bd4 Rfd8 18. Rfd1 Qa5 19. Re1 Rd7 20. Qe3 Rad8
21. Bc3 Qa6 22. Qe2 Rd3 23. Rec1 b5 24. cxb5 Qxb5 25. Rc2 Qd5 26. Rac1 Bg5 27.
Re1 Be7 28. Qe4 c5 29. Qxd5 R8xd5 30. Kf1 Kh7 31. Ke2 Kg6 32. Bb2 Kf5 33. h3
Bg5 34. Kf1 Rd2 35. Re2 Rxe2 36. Kxe2 a6 37. f4 Be7 38. Ke3 g5 39. g4+ Kg6 40.
fxg5 Bxg5+ 41. Ke4 Be7 42. Bc3 h5 43. Rd2 Rxd2 44. Bxd2 hxg4 45. hxg4 Bd8 46.
Be3 Bb6 47. b4 f5+ 48. exf6 Kxf6 49. bxc5 Bc7 50. Bf4 e5 51. Be3 Ke6 52. a4 Ba5
53. Bh6 Bc7 54. Bf8 1-0

[Event "26. Off. Wuerttembergische Seniorenmst."]
[Site "Freudenstadt"]
[Date "2014.07.18"]
[Round "3.7"]
[White "Storkebaum, Karl-Heinrich"]
[Black "Pottgiesser, Ulrich"]
[Result "1-0"]
[WhiteElo "1758"]
[BlackElo "1553"]
[PlyCount "169"]
[EventDate "2014.??.??"]
[WhiteTeam "SAbt TEC Darmstadt"]
[BlackTeam "SC Leinfelden"]

1. d4 d5 2. c4 e6 3. a3 Nf6 4. Nc3 c6 5. Nf3 dxc4 6. e3 b5 7. b3 cxb3 8. Qxb3
Bb7 9. Bd3 Be7 10. O-O O-O 11. a4 a6 12. Rd1 Nbd7 13. Bb2 b4 14. Ne4 a5 15. Nc5
Bxc5 16. dxc5 Qe7 17. Bxf6 Nxf6 18. Rac1 Rad8 19. e4 h6 20. Qb2 Nh5 21. g3 Nf6
22. Ne5 Nd7 23. Nxd7 Rxd7 24. Qc2 Rfd8 25. Be2 Rd4 26. Rxd4 Rxd4 27. Rd1 Qd8
28. Rxd4 Qxd4 29. Kf1 e5 30. Bc4 Kf8 31. Qd3 Qxd3+ 32. Bxd3 f6 33. Bc4 Ke7 34.
Ke2 Bc8 35. Bb3 Be6 36. Bc2 b3 37. Bd3 b2 38. Bb1 Bb3 39. Kd3 Bxa4 40. Kc3 Kf7
41. Kxb2 Ke7 42. Ba2 Kd7 43. Bb3 Bb5 44. Bc2 Kc7 45. Kc3 Kb7 46. Bb3 Ka6 47.
Bc2 Be2 48. Ba4 Kb7 49. Bc2 Ka6 50. Ba4 Bb5 51. Bc2 Kb7 52. Bd1 Kc7 53. Bc2 Kd7
54. Bb3 Ke7 55. Bg8 Be2 56. Bb3 g6 57. Bc2 Kf7 58. Bb3+ Kg7 59. Bc4 Bd1 60. Bb3
Bf3 61. Bc2 f5 62. exf5 e4 63. fxg6 Kxg6 64. Kd4 Kf5 65. Ba4 e3 66. Kxe3 Bd5
67. f3 h5 68. Bc2+ Kg5 69. h4+ Kh6 70. f4 Bc4 71. Kd4 Bb5 72. f5 a4 73. Kc3 Kg7
74. Bd1 Kh6 75. Kb4 Bd3 76. f6 Kg6 77. f7 Kxf7 78. Bxh5+ Kg7 79. Kxa4 Kf6 80.
Bf3 Bb5+ 81. Ka5 Ke5 82. Kb6 Bd3 83. Kxc6 Bf5 84. Kc7 Be6 85. c6 1-0

[Event "26. Off. Wuerttembergische Seniorenmst."]
[Site "Freudenstadt"]
[Date "2014.07.18"]
[Round "3.8"]
[White "Juergens, Peter"]
[Black "Braeunlin, Klaus"]
[Result "0-1"]
[WhiteElo "1871"]
[BlackElo "2063"]
[PlyCount "96"]
[EventDate "2014.??.??"]
[WhiteTeam "SC Tempo GÃ¶ttingen"]
[BlackTeam "TG Biberach"]

1. d4 Nf6 2. Bf4 e6 3. e3 b6 4. Nd2 Bb7 5. Ngf3 Be7 6. Bd3 d5 7. h3 Nbd7 8. O-O
O-O 9. Ne5 c5 10. c3 Nxe5 11. Bxe5 Ne8 12. Bg3 f5 13. Nf3 Nd6 14. Ne5 Nf7 15.
Nxf7 Rxf7 16. Be5 Bd6 17. Bxd6 Qxd6 18. f4 Kh8 19. Kh1 Rf6 20. Qd2 Rg8 21. Qf2
g5 22. g3 Rh6 23. Kh2 Qe7 24. fxg5 Qxg5 25. Qf4 Qg7 26. Rg1 Rg6 27. Be2 Bc8 28.
Rae1 Qf6 29. Bf3 Rf8 30. Qd6 c4 31. Qf4 Rg7 32. g4 fxg4 33. Qxf6 Rxf6 34. Bxg4
Rf2+ 35. Kh1 Rxb2 36. Re2 Rxe2 37. Bxe2 Rxg1+ 38. Kxg1 Kg7 39. Kg2 Kf6 40. Kg3
e5 41. Bf3 Be6 42. h4 b5 43. a3 a5 44. Bh5 b4 45. cxb4 axb4 46. axb4 c3 47. Bd1
exd4 48. exd4 Bf5 0-1

[Event "26. Off. Wuerttembergische Seniorenmst."]
[Site "Freudenstadt"]
[Date "2014.07.18"]
[Round "3.9"]
[White "Kromer, Thomas"]
[Black "Pape, Manfred"]
[Result "1/2-1/2"]
[WhiteElo "1745"]
[BlackElo "2019"]
[PlyCount "109"]
[EventDate "2014.??.??"]
[WhiteTeam "SF Riedlingen"]
[BlackTeam "SK Bad Harzburg"]

1. e4 c6 2. d4 g6 3. Nc3 Bg7 4. Be3 d6 5. Qd2 Qa5 6. a3 Nd7 7. Nf3 a6 8. Bd3 b5
9. O-O Qc7 10. Rae1 Bb7 11. Ne2 e5 12. c3 h6 13. c4 bxc4 14. Bxc4 Ngf6 15. dxe5
dxe5 16. Qc2 O-O 17. Ng3 Rfe8 18. h3 Nf8 19. Qc1 Kh7 20. Rd1 Ne6 21. Bxe6 Rxe6
22. Bc5 a5 23. Rd2 Nd7 24. Be3 Rd6 25. Rxd6 Qxd6 26. Rd1 Qc7 27. Qc4 Nf8 28.
Bc5 f6 29. Nf1 Bc8 30. Qd3 Ne6 31. Qd6 Qb7 32. Be3 Bf8 33. Qd2 c5 34. Qd5 Nd4
35. Qd8 Be7 36. Qd5 Qxd5 37. exd5 Rb8 38. Bxd4 exd4 39. Re1 Bd6 40. N1d2 Bd7
41. Nc4 Bf8 42. Nxa5 Rxb2 43. Nc4 Rb8 44. Nfd2 Bf5 45. Ne4 Bxe4 46. Rxe4 Rd8
47. Nb6 d3 48. Kf1 c4 49. Rxc4 Bxa3 50. Rc7+ Kg8 51. Rc8 Rxc8 52. Nxc8 Bc5 53.
d6 Kf7 54. d7 Be7 55. Nxe7 1/2-1/2

[Event "26. Off. Wuerttembergische Seniorenmst."]
[Site "Freudenstadt"]
[Date "2014.07.18"]
[Round "3.10"]
[White "Pfitzer, Norbert"]
[Black "Gerhardt, Peter-Michael"]
[Result "1/2-1/2"]
[WhiteElo "1928"]
[BlackElo "1861"]
[PlyCount "52"]
[EventDate "2014.??.??"]
[WhiteTeam "SV Aalen-Ellwangen e.V."]
[BlackTeam "SC Vahr"]

1. d4 Nf6 2. c4 c5 3. Nf3 g6 4. Nc3 cxd4 5. Nxd4 Bg7 6. e4 d6 7. Be2 O-O 8. O-O
Nc6 9. Be3 Bd7 10. Rc1 Nxd4 11. Bxd4 Bc6 12. Qd3 b6 13. g4 Nd7 14. Bxg7 Kxg7
15. b4 f6 16. f4 a5 17. a3 axb4 18. axb4 Ra3 19. Qd4 h6 20. Rfd1 Qa8 21. Nd5
Qd8 22. c5 bxc5 23. bxc5 Nxc5 24. Rxc5 dxc5 25. Qxc5 Qd6 26. Qc1 Bxd5 1/2-1/2

[Event "26. Off. Wuerttembergische Seniorenmst."]
[Site "Freudenstadt"]
[Date "2014.07.18"]
[Round "3.12"]
[White "Streiter, Manfred"]
[Black "Szenetra, Werner"]
[Result "1/2-1/2"]
[WhiteElo "1747"]
[BlackElo "2094"]
[PlyCount "83"]
[EventDate "2014.??.??"]
[WhiteTeam "SGem Vaihingen-Rohr"]
[BlackTeam "SV Berenbostel"]

1. Nf3 g6 2. g3 Bg7 3. Bg2 d6 4. d4 Nd7 5. c4 Ngf6 6. Nc3 O-O 7. O-O e5 8. dxe5
dxe5 9. Qc2 h6 10. Rd1 Re8 11. e4 c6 12. b4 Qc7 13. Bb2 Nf8 14. Na4 Bg4 15. h3
Bxf3 16. Bxf3 Ne6 17. c5 Nd4 18. Bxd4 exd4 19. Rac1 Nd7 20. Nb2 a5 21. a3 axb4
22. axb4 Ra2 23. Qb1 Rea8 24. Nd3 R8a3 25. Bg2 g5 26. b5 cxb5 27. Qxb5 Ra5 28.
Qc4 Ne5 29. Nxe5 Bxe5 30. Rd3 Rb2 31. Qd5 Kg7 32. Rf3 Rbb5 33. Bf1 Rxc5 34.
Rxc5 Rxc5 35. Rxf7+ Qxf7 36. Qxc5 Qc7 37. Qd5 Bxg3 38. fxg3 Qxg3+ 39. Bg2 Qe3+
40. Kh2 Qf4+ 41. Kh1 Qc1+ 42. Kh2 1/2-1/2

[Event "26. Off. Wuerttembergische Seniorenmst."]
[Site "Freudenstadt"]
[Date "2014.07.18"]
[Round "3.13"]
[White "Duerr, Hanno"]
[Black "Trefzer, Erhard"]
[Result "1/2-1/2"]
[WhiteElo "1739"]
[BlackElo "1936"]
[PlyCount "27"]
[EventDate "2014.??.??"]
[WhiteTeam "SGem Vaihingen-Rohr"]
[BlackTeam "SV Besigheim"]

1. d4 f5 2. f3 d6 3. e4 g6 4. Nc3 Bg7 5. Be3 c6 6. Bc4 Nf6 7. a4 Qa5 8. Qd2 Na6
9. Nge2 d5 10. exd5 Bd7 11. O-O cxd5 12. Bb5 Nc7 13. Bxd7+ Nxd7 14. b4 1/2-1/2

[Event "26. Off. Wuerttembergische Seniorenmst."]
[Site "Freudenstadt"]
[Date "2014.07.18"]
[Round "3.14"]
[White "Philippin, Otto"]
[Black "Abegg, Beat"]
[Result "1/2-1/2"]
[WhiteElo "1718"]
[BlackElo "1910"]
[PlyCount "41"]
[EventDate "2014.??.??"]
[WhiteTeam "SVG Vaihingen/Enz"]

1. f4 d5 2. Nf3 g6 3. e3 Bg7 4. d4 Nf6 5. Bd3 O-O 6. Nbd2 b6 7. Ne5 Bb7 8. Qf3
e6 9. O-O c5 10. c3 Qc7 11. Qh3 Nbd7 12. Nxd7 Qxd7 13. Nf3 Ne4 14. Bd2 Qe7 15.
Be1 f6 16. Bh4 Qf7 17. g4 Bc8 18. Qg2 Bd7 19. Nd2 Nxd2 20. Qxd2 f5 21. g5
1/2-1/2

[Event "26. Off. Wuerttembergische Seniorenmst."]
[Site "Freudenstadt"]
[Date "2014.07.18"]
[Round "3.15"]
[White "Duijker, Bert"]
[Black "Jaeger, Hans-Ulrich"]
[Result "1-0"]
[WhiteElo "1893"]
[BlackElo "1749"]
[PlyCount "79"]
[EventDate "2014.??.??"]
[BlackTeam "SC Sillenbuch"]

1. Nf3 Nf6 2. c4 c5 3. d4 cxd4 4. Nxd4 g6 5. Nc3 Bg7 6. e4 d6 7. Be2 O-O 8. O-O
Nc6 9. Be3 Bd7 10. f3 Rc8 11. Rc1 Re8 12. Qd2 h5 13. Rfd1 Kh7 14. Nxc6 Bxc6 15.
b4 b6 16. a3 Qd7 17. Bf4 Red8 18. Qa2 Qb7 19. Nd5 a6 20. Be3 b5 21. Nb6 Rb8 22.
cxb5 axb5 23. Qc2 Be8 24. Qb3 Nd7 25. Nd5 e6 26. Nc7 Rbc8 27. Nxb5 Rxc1 28.
Bxc1 Be5 29. Be3 Nf6 30. a4 d5 31. f4 Bb8 32. e5 Ne4 33. Nd4 Rc8 34. Rd3 Ba7
35. g3 Rb8 36. Nc2 Qc7 37. Kg2 Qc6 38. Bxa7 d4 39. Bf3 Ra8 40. Bxd4 1-0

[Event "26. Off. Wuerttembergische Seniorenmst."]
[Site "Freudenstadt"]
[Date "2014.07.18"]
[Round "3.16"]
[White "Abel, Hans-Peter"]
[Black "Heinzel, Peter"]
[Result "1/2-1/2"]
[WhiteElo "1709"]
[BlackElo "1887"]
[PlyCount "70"]
[EventDate "2014.??.??"]
[WhiteTeam "SC Leinfelden"]
[BlackTeam "SC MÃ¼lheim 08/25 e.V."]

1. Nf3 Nf6 2. c4 c6 3. g3 e6 4. Bg2 d5 5. Qc2 Be7 6. d4 Nbd7 7. O-O O-O 8. b3
Re8 9. Nc3 Bd6 10. e4 dxe4 11. Nxe4 Nxe4 12. Qxe4 Nf6 13. Qc2 h6 14. Bb2 Be7
15. Rad1 Qc7 16. Rfe1 b6 17. Qc1 Bb7 18. Re2 Rac8 19. Rc2 Nd7 20. Qe3 Bf6 21.
Ne5 Nxe5 22. dxe5 Be7 23. Rcd2 Red8 24. Kf1 Rxd2 25. Rxd2 c5 26. h4 Rd8 27.
Rxd8+ Bxd8 28. Be4 Be7 29. Ke2 Bxe4 30. Qxe4 Qd7 31. Qd3 Qe8 32. Bc1 Qc6 33. f3
Qc7 34. Qe4 Qd7 35. Qd3 Qc7 1/2-1/2

[Event "26. Off. Wuerttembergische Seniorenmst."]
[Site "Freudenstadt"]
[Date "2014.07.18"]
[Round "3.17"]
[White "Schmidt, Heinrich"]
[Black "Krieg, Karl"]
[Result "1/2-1/2"]
[WhiteElo "1854"]
[BlackElo "1702"]
[PlyCount "61"]
[EventDate "2014.??.??"]
[WhiteTeam "SV Nagold"]
[BlackTeam "SG SchwÃ¤bisch GmÃ¼nd 1872 e.V"]

1. d4 Nf6 2. c4 e6 3. Nc3 Bb4 4. Qc2 c5 5. dxc5 Bxc5 6. Nf3 Nc6 7. Bg5 Be7 8.
e3 a6 9. a3 b6 10. Bd3 h6 11. Bh4 Bb7 12. O-O Qc7 13. Bg3 d6 14. h3 Nd7 15. b4
Nce5 16. Nxe5 Nxe5 17. Bxe5 dxe5 18. Be4 Bxe4 19. Nxe4 Rc8 20. Rfd1 O-O 21.
Rac1 Qc6 22. c5 Rfd8 23. Rxd8+ Bxd8 24. Nd6 Rc7 25. Qd3 Be7 26. Nc4 bxc5 27.
Nxe5 Qd5 28. Qxd5 exd5 29. Nd3 c4 30. Nf4 Rd7 31. Ne2 1/2-1/2

[Event "26. Off. Wuerttembergische Seniorenmst."]
[Site "Freudenstadt"]
[Date "2014.07.18"]
[Round "3.18"]
[White "Stadler, Lothar"]
[Black "Macher, Claus"]
[Result "0-1"]
[WhiteElo "1699"]
[BlackElo "1839"]
[PlyCount "64"]
[EventDate "2014.??.??"]
[WhiteTeam "SAbt SV Weiss-BL.Allianz"]
[BlackTeam "SF Ammerbuch"]

1. e4 c5 2. Nf3 e6 3. d4 cxd4 4. Nxd4 a6 5. Be2 Qc7 6. O-O Bc5 7. Nf3 Nc6 8. b3
Nge7 9. Bb2 O-O 10. c4 Ng6 11. g3 b6 12. Nc3 Bb7 13. a3 Be7 14. b4 Bf6 15. Qd2
Rfd8 16. Rad1 d6 17. h4 Nce5 18. Ng5 Ne7 19. f4 Nxc4 20. Bxc4 Qxc4 21. e5 Bxg5
22. hxg5 d5 23. Na4 Qc6 24. Qd4 Qxa4 25. f5 Qb3 26. Qf2 Nxf5 27. g4 Qg3+ 28.
Qxg3 Nxg3 29. Rf3 Ne4 30. Bd4 Nxg5 31. Rc3 Rdc8 32. Rcd3 b5 0-1

[Event "26. Off. Wuerttembergische Seniorenmst."]
[Site "Freudenstadt"]
[Date "2014.07.18"]
[Round "3.19"]
[White "Schmidt, Eugen"]
[Black "Mertens, Gottfried"]
[Result "0-1"]
[WhiteElo "1835"]
[BlackElo "1669"]
[PlyCount "78"]
[EventDate "2014.??.??"]
[WhiteTeam "SF Oos e.V."]
[BlackTeam "SK Weinheim 1911 e.V."]

1. e4 e6 2. d4 d5 3. Nd2 Nf6 4. e5 Ne4 5. Bd3 Nxd2 6. Bxd2 c5 7. c3 Nc6 8. Nf3
cxd4 9. cxd4 Bd7 10. a3 Qb6 11. Bc3 Be7 12. O-O Na5 13. b4 Nc4 14. Qb3 Rc8 15.
Rfc1 O-O 16. Qa2 a6 17. Be1 Qc7 18. a4 b5 19. a5 Qa7 20. Bc3 Rc7 21. Rc2 Rfc8
22. Qb3 Rc6 23. Rac1 Qc7 24. Bd2 Qd8 25. Bf4 Qf8 26. Rb1 R8c7 27. Bg5 h6 28.
Bxe7 Qxe7 29. Rf1 Qf8 30. Ne1 f6 31. f4 f5 32. Be2 Be8 33. Nd3 Nxa5 34. bxa5
Rxc2 35. Nc5 R7xc5 36. Bd1 R2c3 37. Qa2 Rc7 38. g4 Bg6 39. Bb3 Qb4 0-1

[Event "26. Off. Wuerttembergische Seniorenmst."]
[Site "Freudenstadt"]
[Date "2014.07.18"]
[Round "3.20"]
[White "Hinz, Ekkehard"]
[Black "Foehl, Frithjof"]
[Result "1/2-1/2"]
[WhiteElo "1810"]
[BlackElo "1666"]
[PlyCount "42"]
[EventDate "2014.??.??"]
[WhiteTeam "SK GroÃŸsachsen"]
[BlackTeam "SV Oberkochen"]

1. Nf3 Nf6 2. c4 e5 3. Nxe5 d5 4. e3 d4 5. b4 dxe3 6. fxe3 Bd6 7. Bb2 Qe7 8.
Qa4+ Nbd7 9. Nxd7 Bxd7 10. b5 Ne4 11. g3 O-O 12. Bg2 Bf5 13. O-O Bg6 14. Bxe4
Qxe4 15. Nc3 Qg4 16. c5 Qxa4 17. Nxa4 Be7 18. e4 Rfe8 19. d3 Bg5 20. Bc1 Bf6
21. Bb2 Bg5 1/2-1/2

[Event "26. Off. Wuerttembergische Seniorenmst."]
[Site "Freudenstadt"]
[Date "2014.07.18"]
[Round "3.22"]
[White "Fitzke, Ulrich"]
[Black "Pfitzer, Martin"]
[Result "1/2-1/2"]
[WhiteElo "1648"]
[BlackElo "1779"]
[PlyCount "34"]
[EventDate "2014.??.??"]
[WhiteTeam "SV Bau-Union e.V."]
[BlackTeam "SV Aalen-Ellwangen e.V."]

1. d4 d5 2. c4 e5 3. cxd5 Qxd5 4. Nc3 Qxd4 5. Qxd4 exd4 6. Nb5 Bb4+ 7. Bd2
Bxd2+ 8. Kxd2 Na6 9. Nxd4 Nf6 10. f3 O-O 11. e4 Rd8 12. Bxa6 Rxd4+ 13. Kc3 c5
14. Bc4 Be6 15. Bxe6 fxe6 16. Ne2 Rd7 17. Rad1 Rad8 1/2-1/2

[Event "26. Off. Wuerttembergische Seniorenmst."]
[Site "Freudenstadt"]
[Date "2014.07.18"]
[Round "3.23"]
[White "Woisetschlaeger, Adolf"]
[Black "Grasmeyer, Klaus-Peter"]
[Result "1-0"]
[WhiteElo "1778"]
[BlackElo "1623"]
[PlyCount "81"]
[EventDate "2014.??.??"]
[WhiteTeam "SC Schwarz-WeiÃŸ Zell"]
[BlackTeam "SC Villingen"]

1. c4 Nf6 2. g3 e6 3. Bg2 d5 4. cxd5 exd5 5. d3 Be7 6. Nf3 O-O 7. O-O Bf5 8.
Re1 c6 9. Bd2 Nbd7 10. Nd4 Bg6 11. Bc3 Re8 12. Nd2 Rb8 13. b4 Bf8 14. a4 c5 15.
bxc5 Nxc5 16. N2b3 Rc8 17. Nxc5 Bxc5 18. Qb3 Qb6 19. Qxb6 Bxb6 20. Nb5 Re6 21.
Bh3 Rxc3 22. Nxc3 Rc6 23. Nb5 a6 24. a5 Bc5 25. Na3 Be7 26. Red1 Kf8 27. Kf1
Rc5 28. Nb1 Bd8 29. Nd2 Rb5 30. Nf3 Ke7 31. Rdb1 Kd6 32. Rxb5 axb5 33. a6 bxa6
34. Rxa6+ Kc5 35. Ke1 b4 36. Kd2 Kb5 37. Ra8 Bb6 38. e3 Ba5 39. Ne5 Bc7 40. f4
Bxe5 41. fxe5 1-0